000 00661nam a2200205 a 4500
001 BRCA_1036
005 20190320203242.0
008 920319s1991 fi-a---##b---#001-0#eng-#
020 _a9518690324
040 _aDLC
_cDLC
050 4 _aNK1471.F5
_b.I43 1991
245 1 0 _aImages of Finnish Design, 1960-1990.
260 _aEspoo, Finlandia
_bKustannusosakeyhtiö Tietopuu
_c[1991]
300 _a270 p.
_bil. (algunas a color)
_c25 cm.
500 _aIncluye indice de nombres
504 _aBibliografía: p. [279]
650 1 4 _aDiseño
_xHistoria
_ySiglo XX
_zFinlandia
_93417
650 1 4 _aDiseño industrial
_xHistoria
_ySiglo XX
_zFinlandia
_93418
942 _2lcc
_cB
999 _c915
_d915